Statistics for Top 20 Dead QB's Ever

Click here to take the quiz!

General Stats

  • This quiz has been taken 15 times
    (2 since last reset)
  • The average score is 6 of 20

Answer Stats

YODQB% Correct
18. 2009Steve McNair
100%
13. 1977Arnie Herber
50%
4. 2019Bart Starr
50%
19. 1985Cecil Isbell
50%
14. 2010George Blanda
50%
1. 2002Johnny Unitas
50%
8. 2015Ken Stabler
50%
7. 2022Len Dawson
50%
2. 2003Otto Graham
50%
3. 2008Sammy Baugh
50%
9. 1985Bobby Layne
0%
20. 1983Bob Waterfield
0%
12. 1996Charlie Conerly
0%
17. 2022Daryle Lamonica
0%
11. 2010Don Meredith
0%
15. 2014Earl Morrall
0%
10. 1983Norm Van Brocklin
0%
5. 1998Sid Luckman
0%
16. 1989Tommy Thompson
0%
6. 2017Y.A. Tittle
0%

Score Distribution

Percentile by Number Answered

Percent of People with Each Score

Your Score History

You have not taken this quiz since the last reset